| 000 | 00338nam a22001337a 4500 | ||
|---|---|---|---|
| 999 |
_c13886 _d13886 |
||
| 020 | _a9780073532554 | ||
| 082 | _a304.2 | ||
| 100 | _aEldon Enger & Bradley Smith | ||
| 245 | _aEnvironmental Science: A Study of Interrelationships | ||
| 250 | _a14th Edition | ||
| 260 |
_aNew York _bMcGraw Hill _c2016 |
||
| 300 | _a512 pages | ||
| 942 | _cBK | ||